| 000 | 00426nam a22001337a 4500 | ||
|---|---|---|---|
| 082 |
_a620.00113 _bRAI _cL-5, P-8 |
||
| 100 |
_aRaisbeck, Gordon _940595 |
||
| 245 |
_aInformation Theory _bAn introduction for scientists and engineers _cGordon Raisbeck |
||
| 260 |
_aUSA _bThe Massachusetts Institute of Technology _c1963 |
||
| 300 | _a105.p: | ||
| 526 |
_a0 _b0 _c0 _d620_001130000000000_RAI |
||
| 650 |
_aMCE _9379 |
||
| 942 |
_2ddc _cBK |
||
| 999 |
_c544848 _d544848 |
||